| 000 | 00355 a2200109 4500 | ||
|---|---|---|---|
| 001 | ART_26123 | ||
| 005 | 20260410161854.0 | ||
| 008 | 260409a | ||
| 245 | 1 | 0 | _aHabilitación de la instancia contencioso administrativa en el orden federal |
| 100 | 1 | _aMonti, Laura | |
| 773 | 0 |
_tDerecho público _g- Año III, Nº 8 (ago. 2014) _wREV10451 |
|
| 999 |
_c25266 _d25266 |
||